00836nam a2200181 a 450000100100000000500170001000800410002704000250006808200130009310000370010624500800014325000230022326000510024630000350029750001930033295201120052599900170063700004646320240302073951.0150817s2015 dr c 000 0 spa d aDO-SdBNPaspacBNPHU axxxbxxx1 aCassá, Roberto, d1948-91088810aSignificación histórica de la revolución de abril /cRoberto Cassá. aEdición especial aSanto Domingo :bEditora Universitaria,c2015. a31 p. :bil., retrs. ;c21 cm. aConferencia dictada por el profesor Roberto Cassá en ocasión del acto conmemorativo de la Revolución de Abril, organizada po el Departamento de Historia de la Facultad de Humanidades 00107-18PDaPDbPDcOId2015-08-17iLF1l0oxxx xxxp46463-10r2020-06-25w2020-06-25yLFPDZNo se presta c45952d45952